Uppercase Letters Sudden Death Speed-run Edition - Statistics

General Stats
  • This quiz has been taken 32 times
  • The average score is 16 of 52
Answers on the Grid
Answers color-coded by a green-red scale on the quiz's grid according to % correct below.
A
B
c
C
a
d
b
D
E
F
G
g
e
H
f
I
i
j
J
h
K
L
M
n
m
O
P
k
p
o
A
d
K
j
U
S
Z
z
B
Q
R
t
Q
q
I
D
v
X
v
x
A
l
G
P
g
U
o
J
Y
z
e
F
e
p
E
N
m
M
n
L
k
q
w
d
b
P
l
k
T
N
I
o
p
L
j
H
t
Y
h
p
i
k
K
b
B
k
a
A
C
T
p
h
Z
q
 
Answer Stats
Answer % Correct
A
100%
B
100%
C
94%
E
94%
G
94%
D
88%
F
88%
H
88%
M
88%
P
81%
K
75%
J
69%
L
69%
O
63%
A
56%
K
50%
U
50%
B
44%
S
44%
Q
31%
Q
31%
Z
31%
R
25%
I
19%
A
6%
D
6%
I
6%
U
6%
X
6%
A
0%
B
0%
C
0%
E
0%
F
0%
G
0%
H
0%
I
0%
J
0%
K
0%
L
0%
L
0%
M
0%
N
0%
N
0%
P
0%
P
0%
p
0%
T
0%
T
0%
Y
0%
Y
0%
Z
0%
No matching quizzes found
Score Distribution
Percent of People with Each Score
Percentile by Number Answered
Your Score History
You have not taken this quiz